00641nam a2200169Ia 4500008004100000020001800041050002500059100002100084245004600105250001000151260003500161300002500196500016000221650001800381700003000399700004200429120626s9999 xx 000 0 und d a968-880-433-904aQA276.12 F72718 19941 aFREUND, John E.10aEstadística elemental cJohn E. Freund. a8a Ed aMéxico bPearson Educación axvii , 566 páginas aContiene: Índice de contenido general Prefacio Introducción Respuestas a ejercicios nones Índice analítico Traducción de: Modern elementary17aESTADÍSTICA1 aSIMÓN, Gary A., coaut. 1 aDÍAZ DÍAZ, José Julián, trad.